| Tag |
First Indicator |
Second Indicator |
Subfields |
| LEADER |
00000cam a22000001 4500 |
| 001 |
in00002507421 |
| 005 |
20151201113801.0 |
| 008 |
820221s1958 dcu 100 0 eng |
| 010 |
|
|
|a 58060597
|
| 016 |
7 |
|
|a 25110220R
|2 DNLM
|
| 019 |
|
|
|a 4251823
|
| 029 |
0 |
|
|a NLM
|b 25110220R
|
| 029 |
1 |
|
|a AU@
|b 000008579420
|
| 035 |
|
|
|a (OCoLC)ocm14597316
|
| 035 |
|
|
|a (OCoLC)14597316
|z (OCoLC)4251823
|
| 040 |
|
|
|a DNLM
|c NLM
|d APL
|d CGC
|d LHL
|d UPM
|d TXA
|d UtOrBLW
|
| 043 |
|
|
|a n-us---
|
| 049 |
|
|
|a TXAM
|
| 050 |
0 |
4 |
|a V393
|b .A519 1957
|
| 060 |
0 |
0 |
|a W3
|b UN665 1957d
|
| 082 |
0 |
|
|a 359.072
|
| 086 |
0 |
|
|a D 201.2:SCI 2/2
|
| 110 |
1 |
|
|a United States.
|b Office of Naval Research.
|
| 245 |
1 |
2 |
|a A decade of basic and applied science in the Navy /
|c a symposium sponsored by the Office of Naval Research as part of its decennial year, March 19 and 20, 1957, Washington, D. C.
|
| 264 |
|
1 |
|a Washington,
|b [publisher not identified] ;
|c 1958.
|
| 300 |
|
|
|a xvii, 630 pages :
|b illustrations
|
| 336 |
|
|
|a text
|b txt
|2 rdacontent
|
| 337 |
|
|
|a unmediated
|b n
|2 rdamedia
|
| 338 |
|
|
|a volume
|b nc
|2 rdacarrier
|
| 490 |
0 |
|
|a ONR- ;
|v 2
|
| 650 |
|
2 |
|a Research
|v Congresses.
|
| 650 |
|
0 |
|a Naval research
|z United States.
|
| 650 |
|
0 |
|a Research
|z United States.
|
| 948 |
|
|
|a cataloged
|b h
|c 2010/3/8
|d c
|e jhennen
|f 8:43:14 am
|
| 994 |
|
|
|a C0
|b TXA
|
| 999 |
|
|
|a MARS
|
| 999 |
f |
f |
|s b8c40968-9f27-3527-b21a-0f0dafc5b810
|i 590b279f-30f0-34e8-9569-4afa03ee67cd
|t 0
|
| 952 |
f |
f |
|p normal
|a Texas A&M University
|b College Station
|c Sterling C. Evans Library
|d Evans: US Documents (Annex 5th floor)
|t 0
|e D 201.2:SCI 2/2
|h Superintendent of Documents classification
|i unmediated -- volume
|m A14820234731
|
| 998 |
f |
f |
|a D 201.2:SCI 2/2
|t 0
|l Evans: US Documents (Annex 5th floor)
|